01490 a2200193 45000010006000000050017000060080041000230030015000640400040000790800046001192450073001650200018002382640045002563000018003015050849003190410008011681000025011768560095012015714520260407155834.0260407a1995 arg spa dAR-UNSa-BCEJYS aAR-UNSa-BCEJYSbspacAR-UNSa-BCEJYS a37xEducación. Enseñanza. Formación10aDe la actualidad a la escuelapla formación social y democrática a950-701-307-5 1aBuenos Aires :bAique Grupo Editorc1995 a84 p.c22 cm. a1. La socialización política: un aprendizaje democrático – 2. El primer valor de la justicia – 3. ¿Quién es democrático? – 4. El conocimiento político – 5. La participación – 6.Las fuentes de información – 6.Las fuentes de información: un acceso desigual – 7.Una formación interdisciplinaria – 8.Trabajar por proyectos – 9. Los contenidos transversales – 10. ¿Qué enseñamos? – 11.La actualidad: un disparador una clase – 12.Estrategias del aula – 13. Una acción una comunidad – 14. Todos los contenidos, en todas las áreas, incluyen valores – 15.Al final, la evaluación – 16.El currículo oculto – 17.Que la formación política sea un elemento para evaluar la calidad educativa – 18. ¿Qué pasa con la cultura social de los chicos? – 19.Los riesgos, las garantías. aspa1 aMorduchowicz, Roxana41uhttps://biblioeco.unsa.edu.ar/pmb/images/libros/L128714.jpgyImagen de portadaqimage/jpeg